Геотектоническое развитие структуры центральных областей русской платформы / (Record no. 397714)
[ view plain ]
| 000 -LEADER | |
|---|---|
| fixed length control field | 00868nam-a2200205-a-4500 |
| 001 - CONTROL NUMBER | |
| control field | YSU0063673 |
| 003 - CONTROL NUMBER IDENTIFIER | |
| control field | AM-YeHGA |
| 005 - DATE AND TIME OF LATEST TRANSACTION | |
| control field | 20250617153756.0 |
| 008 - FIXED-LENGTH DATA ELEMENTS--GENERAL INFORMATION | |
| fixed length control field | 990522s1961 xxu 000 0 rus u |
| 040 ## - CATALOGING SOURCE | |
| Original cataloging agency | AM-YeHGA |
| 090 ## - LOCALLY ASSIGNED LC-TYPE CALL NUMBER (OCLC); LOCAL CALL NUMBER (RLIN) | |
| -- | 399819 |
| 100 10 - MAIN ENTRY--PERSONAL NAME | |
| Personal name | Кудинова, Екатерина Андреевна |
| 245 10 - TITLE STATEMENT | |
| Title | Геотектоническое развитие структуры центральных областей русской платформы / |
| Statement of responsibility, etc. | Е.А. Кудинова ; Ред. В.Г. Васильев |
| 260 ## - PUBLICATION, DISTRIBUTION, ETC. | |
| Place of publication, distribution, etc. | Москва : |
| Name of publisher, distributor, etc. | АН СССР , |
| Date of publication, distribution, etc. | 1961. |
| 300 ## - PHYSICAL DESCRIPTION | |
| Extent | 96 с. |
| 550 ## - ISSUING BODY NOTE | |
| Issuing body note | АН СССР. Якутский филиал Сибирского отд. |
| 650 #4 - SUBJECT ADDED ENTRY--TOPICAL TERM | |
| Topical term or geographic name entry element | Геотектоника |
| 700 1# - ADDED ENTRY--PERSONAL NAME | |
| Personal name | Васильев, В.Г. |
| Relationship | edt |
| 710 2# - ADDED ENTRY--CORPORATE NAME | |
| Corporate name or jurisdiction name as entry element | АН СССР. Якутский филиал Сибирского отд. |
| Withdrawn status | Lost status | Source of classification or shelving scheme | Damaged status | Not for loan | Collection | Home library | Current library | Date acquired | Total checkouts | Full call number | Barcode | Date last seen | Price effective from | Koha item type | Public note |
|---|---|---|---|---|---|---|---|---|---|---|---|---|---|---|---|
| Universal Decimal Classification | General | Fundamental Scientific Library | Fundamental Scientific Library | 17/01/2018 | PIII/6093 | FL0471773 | 17/01/2018 | 17/01/2018 | Գրքեր / Books | 30 Days Loan | |||||
| Universal Decimal Classification | General | Fundamental Scientific Library | Fundamental Scientific Library | 18/01/2018 | PIII/6874 | FL0471515 | 18/01/2018 | 18/01/2018 | Գրքեր / Books | 30 Days Loan |
ՀՀ Գիտությունների ազգային ակադեմիայի հիմնարար գիտական գրադարան = Fundamental Scientific Library of NAS RA
All site content, except where otherwise noted, is licensed under a